000 00385nam a2200145 i 4500
001 bg
100 1 _aLITZOW, M. R.
245 0 _aMass Spectrometry of Inorganic and Organometallic Compounds /
_cM.R. Litzow, T.R. Spalding.
260 _aAmsterdam,
_c1973.
700 1 _aSPALDING, T. R.
040 _cBPK
041 _apol
942 _cKS
008 s pl f |000 0 pol
999 _c15848
_d15848
856 _uhttp://koha.tu.koszalin.pl/cgi-bin/koha/opac-detail.pl?biblionumber=15848
_yKatalog online BPK